Azərbaycan Premyer Liqası çempionları - Statistics

General Stats
  • This quiz has been taken 23 times
  • The average score is 6 of 8
Answer Stats
İl Çempion % Correct
1992 Neftçi
100%
1993 Qarabağ
100%
2007 Xəzər Lənkəran
83%
1999 Kəpəz
75%
2010 İnter
67%
2009 Bakı
58%
1994 Turan
58%
2000 Şəmkir
33%
No matching quizzes found
Score Distribution
Percent of People with Each Score
Percentile by Number Answered
Your Score History
You have not taken this quiz